| Tag |
First Indicator |
Second Indicator |
Subfields |
| LEADER |
00000cam a2200000 a 4500 |
| 001 |
in00002176708 |
| 005 |
20151104054825.0 |
| 008 |
060411s2006 ne a b 101 0 eng |
| 015 |
|
|
|a GBA641297
|2 bnb
|
| 016 |
7 |
|
|a 013446814
|2 Uk
|
| 020 |
|
|
|a 1402047290
|
| 020 |
|
|
|a 1402047525 (e-book)
|
| 024 |
3 |
|
|a 9781402047299
|
| 024 |
3 |
|
|a 9781402047527
|
| 029 |
1 |
|
|a OHX
|b har065006929
|
| 035 |
|
|
|a (OCoLC)ocm67374379
|
| 040 |
|
|
|a UKM
|c UKM
|d OHX
|d BAKER
|d UtOrBLW
|
| 042 |
|
|
|a ukblsr
|
| 049 |
|
|
|a TXAM
|
| 082 |
0 |
4 |
|a 624.17
|2 22
|
| 090 |
|
|
|a TA658.8
|b .I99 2005
|
| 111 |
2 |
|
|a IUTAM Symposium on Topological Design Optimization of Structures, Machines and Materials
|d (2005 :
|c Rungstedgaard, Denmark)
|
| 245 |
1 |
0 |
|a IUTAM Symposium on Topological Design Optimization of Structures, Machines and Materials :
|b status and perspectives /
|c edited by Martin Philip Bendsøe, Niels Olhoff and Ole Sigmund.
|
| 264 |
|
1 |
|a Dordrecht :
|b Springer,
|c 2006.
|
| 300 |
|
|
|a xiii, 608 pages :
|b illustrations ;
|c 25 cm.
|
| 336 |
|
|
|a text
|b txt
|2 rdacontent
|
| 337 |
|
|
|a unmediated
|b n
|2 rdamedia
|
| 338 |
|
|
|a volume
|b nc
|2 rdacarrier
|
| 490 |
1 |
|
|a Solid mechanics and its applications ;
|v v. 137
|
| 504 |
|
|
|a Includes bibliographical references and index.
|
| 650 |
|
0 |
|a Structural optimization
|v Congresses.
|
| 650 |
|
0 |
|a Structural optimization
|x Mathematics
|v Congresses.
|
| 650 |
|
0 |
|a Topology
|v Congresses.
|
| 650 |
|
0 |
|a Composite materials
|v Congresses.
|
| 653 |
1 |
|
|a Machines
|
| 653 |
1 |
|
|a Materials
|
| 653 |
1 |
|
|a Topological design optimization
|
| 700 |
1 |
|
|a Bendsøe, Martin P.
|
| 700 |
1 |
|
|a Olhoff, Niels.
|
| 700 |
1 |
|
|a Sigmund, O.
|q (Ole),
|d 1966-
|
| 710 |
2 |
|
|a International Union of Theoretical and Applied Mechanics.
|
| 830 |
|
0 |
|a Solid mechanics and its applications ;
|v v. 137.
|
| 945 |
|
|
|i PromptCat
|
| 947 |
|
|
|a A14834133646
|
| 948 |
|
|
|a cataloged
|b h
|c 2006/6/28
|d c
|e jgreene
|f 11:44:41 am
|
| 994 |
|
|
|a 92
|b TXA
|
| 999 |
|
|
|a MARS
|
| 999 |
f |
f |
|s b2d20074-f3d8-3969-a8a2-81e7fe9567a6
|i 47cf2314-6955-35b7-972d-ad7ccf83291e
|t 0
|
| 952 |
f |
f |
|p ric
|a Texas A&M University
|b Rellis Campus
|c Joint Library Facility
|d Remote Storage
|t 0
|e TA658.8 .I99 2005
|h Library of Congress classification
|i unmediated -- volume
|m A14834133646
|
| 998 |
f |
f |
|a TA658.8 .I99 2005
|t 0
|l Remote Storage
|